| 000 | 00470pab a2200157 454500 | ||
|---|---|---|---|
| 008 | 180718b2015 xxu||||| |||| 00| 0 eng d | ||
| 245 | _aWomen entrepreneurs under the Prime Minister's Employment Generation Programme (PMEGP) | ||
| 260 | _c2015 | ||
| 300 | _ap.35. | ||
| 362 | _aJun | ||
| 650 | _aEmployment creation | ||
| 650 | _a Prime Minister's Employment Generation Programme (PMEGP) | ||
| 650 | _aWomen in business | ||
| 773 | _aKurukshetra | ||
| 909 | _a108579 | ||
| 999 |
_c108574 _d108574 |
||